| 000 | 00766nam a2200229 i 4500 | ||
|---|---|---|---|
| 003 | DO-SdBNP | ||
| 005 | 20251127085247.0 | ||
| 007 | ta | ||
| 008 | 251127b2003 dr ||||| |||| 00| 0 spa d | ||
| 040 |
_aDO-SdBNP _bspa _cBNPHU _erda |
||
| 041 | _aspa | ||
| 082 | 4 |
_axxx _bxxx _222 |
|
| 245 | 0 | 0 | _aLey 76-02. Código procesal penal de la República Dominicana |
| 264 | 1 |
_aSanto Domingo, República Dominicana : _bFundación Institucional y Justicia, Inc.; _bAgencia de los Estados Unidos para el Desarrollo Internacional, _c2003. |
|
| 300 |
_a201 páginas ; _c22 cm. |
||
| 336 |
_atexto _btxt _2rdacontent |
||
| 337 |
_asin mediación _bn _2rdamedia |
||
| 338 |
_avolumen _bnc _2rdacarrier |
||
| 590 | _aInventariado, 2025/BT | ||
| 910 | _aBtavárez | ||
| 942 |
_2ddc _cLBS1 |
||
| 999 |
_c60083 _d60083 |
||